<?xml version="1.0" encoding="UTF-8"?>
<record
    xmlns:xsi="http://www.w3.org/2001/XMLSchema-instance"
    xsi:schemaLocation="http://www.loc.gov/MARC21/slim http://www.loc.gov/standards/marcxml/schema/MARC21slim.xsd"
    xmlns="http://www.loc.gov/MARC21/slim">

  <leader>01992nam a2200205 a 4500</leader>
  <controlfield tag="008">180514m2012    ag  |||gr|||| 000 f spa d</controlfield>
  <datafield tag="020" ind1=" " ind2=" ">
    <subfield code="a">9788433924629</subfield>
  </datafield>
  <datafield tag="041" ind1=" " ind2=" ">
    <subfield code="a">spa</subfield>
  </datafield>
  <datafield tag="092" ind1=" " ind2=" ">
    <subfield code="c">808</subfield>
    <subfield code="l">67</subfield>
    <subfield code="s">PIG</subfield>
  </datafield>
  <datafield tag="100" ind1="1" ind2=" ">
    <subfield code="a">Piglia, Ricardo.</subfield>
    <subfield code="9">2948</subfield>
  </datafield>
  <datafield tag="245" ind1=" " ind2=" ">
    <subfield code="a">Plata quemada /</subfield>
    <subfield code="c">Ricardo Piglia</subfield>
  </datafield>
  <datafield tag="250" ind1=" " ind2=" ">
    <subfield code="a">3a ed.</subfield>
    <subfield code="b">Dise&#xF1;o Julio Vivas.</subfield>
  </datafield>
  <datafield tag="260" ind1=" " ind2=" ">
    <subfield code="a">Barcelona:</subfield>
    <subfield code="b">Anagrama;</subfield>
    <subfield code="c">2012.</subfield>
  </datafield>
  <datafield tag="300" ind1=" " ind2=" ">
    <subfield code="a">221 p.</subfield>
    <subfield code="b">il. fotograma de la pelicula" Plata Quemada", dirigida por Marcelo Pi&#xF1;eyro </subfield>
  </datafield>
  <datafield tag="500" ind1=" " ind2=" ">
    <subfield code="a">Piglia, R. (2012). Plata quemada. (3a ed.). Barcelona : Anagrama.</subfield>
  </datafield>
  <datafield tag="505" ind1=" " ind2=" ">
    <subfield code="a">Esta novela cuenta una historia real. Se trata de un caso de la cr&#xF3;nica policial que tuvo como escenarios Buenos Aires y Montevideo en1965. En septiembre de ese a&#xF1;o una banda asalta un banco en San Fernando, provincia de Buenos Aires. Tambi&#xE9;n participan varios pol&#xED;ticos y polic&#xED;as que se har&#xE1;n con su parte del bot&#xED;n una vez que el robo haya funcionado. El plan se cumple. Sin embargo, en la huida, los maleantes deciden traicionar a sus socios y escapar con toda la plata. La polic&#xED;a no lo va a permitir. Ricardo Piglia tuvo acceso a materiales confidenciales: los legajos judiciales, la transcripci&#xF3;n de las grabaciones secretas realizadas por la polic&#xED;a en el departamento de Herrera y Obes durante el dram&#xE1;tico asedio, las declaraciones testimoniales y la cr&#xF3;nica period&#xED;stica. El conjunto del material documental permiti&#xF3; a Piglia armar la historia y reconstruir a los personajes, el habla, la &#xE9;poca, la trama y el drama con una precisi&#xF3;n admirable. &#xC9;sta es una historia de amor, traiciones, resistencia y hero&#xED;smo, donde Malito, el Nene Brignone, el Gaucho Dorda y el Cuervo Mereles -protagonistas de escenas memorables- entran en la literatura de manera desafiante. El ritmo de Plata quemada es implacable, no da tregua ni concede nada. Es dura y conmovedora, deslumbrante y verdadera. </subfield>
  </datafield>
  <datafield tag="590" ind1=" " ind2=" ">
    <subfield code="a">Donaci&#xF3;n, Dr. Gallardo Andr&#xE9;s, mayo 2018.</subfield>
  </datafield>
  <datafield tag="655" ind1=" " ind2=" ">
    <subfield code="a">Literatura</subfield>
    <subfield code="9">2917</subfield>
  </datafield>
  <datafield tag="942" ind1=" " ind2=" ">
    <subfield code="2">ddc</subfield>
    <subfield code="c">LIT</subfield>
  </datafield>
  <datafield tag="999" ind1=" " ind2=" ">
    <subfield code="c">2723</subfield>
    <subfield code="d">2723</subfield>
  </datafield>
  <datafield tag="952" ind1=" " ind2=" ">
    <subfield code="0">0</subfield>
    <subfield code="1">0</subfield>
    <subfield code="2">ddc</subfield>
    <subfield code="4">0</subfield>
    <subfield code="7">0</subfield>
    <subfield code="a">BFM</subfield>
    <subfield code="b">BFM</subfield>
    <subfield code="c">CR</subfield>
    <subfield code="d">2018-05-14</subfield>
    <subfield code="e">Donaci&#xF3;n, Dr. Gallardo, Andr&#xE9;s, mayo 2018.</subfield>
    <subfield code="l">1</subfield>
    <subfield code="o">808 67 PIG</subfield>
    <subfield code="p">4239</subfield>
    <subfield code="r">2020-03-13</subfield>
    <subfield code="s">2019-12-11</subfield>
    <subfield code="t">Ej.1</subfield>
    <subfield code="w">2018-05-14</subfield>
    <subfield code="y">LIT</subfield>
    <subfield code="z">Proyecto 4to libro. Donaci&#xF3;n Dr. Gallardo, Andres. Mayo 2018</subfield>
  </datafield>
</record>
